Weltprobleme
Salvato in:
| Altri autori: | |
|---|---|
| Natura: | Libro |
| Lingua: | tedesco |
| Pubblicazione: |
Bonn
Bundeszentrale für Politische Bildung
1990
|
| Edizione: | 3. Aufl. |
| Soggetti: | |
| Tags: |
Nessun Tag, puoi essere il primo ad aggiungerne!!
|
MARC
| LEADER | 00000nam a2200000 4500 | ||
|---|---|---|---|
| 001 | c002396 | ||
| 005 | 20221215125511.0 | ||
| 020 | |a 3-89331-078-9 | ||
| 041 | 0 | |a ger | |
| 044 | |a DE | ||
| 245 | 1 | 0 | |a Weltprobleme |c Red. Peter J. Opitz |
| 250 | |a 3. Aufl. | ||
| 264 | 1 | |a Bonn |b Bundeszentrale für Politische Bildung |c 1990 | |
| 300 | |a 408 s. | ||
| 610 | 2 | 0 | |a krajiny rozvojové |
| 610 | 2 | 0 | |a svet |
| 610 | 2 | 0 | |a problémy globálne |
| 610 | 2 | 0 | |a obyvateľstvo |
| 610 | 2 | 0 | |a mestá |
| 610 | 2 | 0 | |a energia |
| 610 | 2 | 0 | |a úroveň životná |
| 610 | 2 | 0 | |a práva ľudské |
| 610 | 2 | 0 | |a suroviny |
| 610 | 2 | 0 | |a obchod |
| 610 | 2 | 0 | |a politika obchodná |
| 610 | 2 | 0 | |a urbanizácia |
| 610 | 2 | 0 | |a klíma |
| 610 | 2 | 0 | |a ochrana prostredia životného |
| 610 | 2 | 0 | |a zadlženosť zahraničná |
| 610 | 2 | 0 | |a stratégia hospodárska |
| 610 | 2 | 0 | |a zbrojenie |
| 610 | 2 | 0 | |a odzbrojenie |
| 700 | 1 | |a Opitz, Peter J. | |